000 02370cam a2200253 a 4500
020 _a9781402095788 (hbk.)
020 _a1402095783 (hbk.)
020 _a9781402095795
020 _a1402095791
040 _cUKM
082 0 4 _a333 FAO 2008 C112 Or.
100 1 _aPereira, L. S
245 1 0 _aCoping with water scarcity :
_baddressing the challenges / what role for biotechnologies?
250 _aNew revised and extended edition
300 _axiii, 382 pages :
_billustrations (some color), maps (some color) ;
_c24 cm
500 _aRevised edition of: Coping with water scarcity / by Luis S. Pereira, Ian Cordery, Iacovos Iacovides. Paris, France : UNESCO, 2002
520 _aOne of the main problems confronting the world of the 21st Century is a shortage of water. There is already severe scarcity in many regions of the world, causing tremendous problems for local populations and indeed entire societies. There is insufficient water available for the production of food to alleviate poverty and starvation; the lack of water hampers industrial, urban and tourism development, forcing restrictions on other sectors, especially agriculture; health problems arise as the deterioration of ground and surface waters favours water-borne diseases, which flourish in the absence of decent water distribution and sewerage systems. Water conflicts still arise in areas under stress, while water for nature has become a vanishing priority in such zones. This book is a guide to the establishment of regional and/or local guidelines for developing and implementing new ideas for coping with water scarcity. The basic premise underlying the book is that water scarcity will persist, so personal, human and society-wide skills will be needed to cope with it while living in harmony with the necessary environmental constraints. The book provides basic information to assist decision makers, water managers, engineers, agronomists, social scientists and other professions (and their students) in formulating coherent, hopefully harmonious and consolidated views on the issue. Guidelines are also given for introducing the general public to the concept of water scarcity and how to deal with it
650 0 _aWater resources development
650 0 _aWater-supply
650 0 _aWater-supply
700 1 _aCordery, I
700 1 _aIacovides, Iacovos
942 _cAEDBB
999 _c20934
_d20934